| 000 | 00978nam a2200229Ia 4500 | ||
|---|---|---|---|
| 003 | OSt | ||
| 005 | 20200903123726.0 | ||
| 008 | 191128s2006 sp a r 000 j spa d | ||
| 020 | _a9789584501301 | ||
| 040 |
_aCO-JMCR _cCO-JMCR |
||
| 041 | _aspa | ||
| 082 | 0 | 4 |
_aC / _bARAg |
| 100 | 1 |
_aAraújo, Jesús, _eautor _99714 |
|
| 245 | 1 | 3 |
_aEl gran libro de las aventuras / _ceditor Jesús Araújo ; ilustraciones Pedro Rodríguez |
| 260 |
_aBarcelona : _bParramón, _c2006 |
||
| 300 |
_a108 páginas : _bilustraciones, retratos a color ; _c 29 cm. |
||
| 500 | _aIncluye datos biográficos de los escritores. | ||
| 505 | _aRobinson Crusoe / Daniel Defoe -- Viaje al centro de la tierra / Julio Verne -- David Copperfield / Charles Dickens -- Sandokán / Emilio Salgari -- La isla del tesoro / Robert Louis Stevenson -- El fantasma de Canterville / âOscar Wilde | ||
| 650 | 1 | 4 |
_aCuentos infantiles _99715 |
| 700 |
_aRodríguez, Pedro, _eilustrador _99716 |
||
| 942 |
_2ddc _cBK |
||
| 999 |
_c4656 _d4656 |
||